| 000 | 00685nam a2200241Ia 4500 | ||
|---|---|---|---|
| 003 | OSt | ||
| 005 | 20220927110612.0 | ||
| 006 | a|||||r|||| 00| 0 | ||
| 007 | ta | ||
| 008 | 220926b |||||||| |||| 00| 0 eng d | ||
| 024 | _a115431 | ||
| 037 | _cReports | ||
| 040 |
_aRTL _cRTL _beng |
||
| 041 |
_2eng _aeng |
||
| 082 | _a"L:4231.2.M50t, A/GD" | ||
| 110 |
_a"INDIA, SMALL POX (Commission ers) (chairman: G Lamb" _9379259 |
||
| 245 | 0 | _aReport | |
| 300 |
_a276p. _ccm. |
||
| 650 | _aMedicine | ||
| 700 |
_a"INDIA, SMALL POX (Commission ers) (chairman: G Lamb" _9379260 |
||
| 942 |
_h"L:4231.2.M50t, A/GD" _cCC |
||
| 999 |
_c697310 _d697310 |
||